Magyar Paedagogiai Társaság
Elmentve itt :
| Dokumentumtípus: | Cikk |
|---|---|
| Megjelent: |
1892
|
| Sorozat: | Magyar pedagógia : a Magyar Tudományos Akadémia Pedagógiai Bizottságának folyóirata
1 |
| Kulcsszavak: | Ülés jegyzőkönyve |
| Online Access: | http://misc.bibl.u-szeged.hu/6776 |
| LEADER | 00587nab a2200169 i 4500 | ||
|---|---|---|---|
| 001 | misc6776 | ||
| 005 | 20191106144400.0 | ||
| 008 | 170607s1892 hu o 0|| hun d | ||
| 022 | |a 0025-0260 | ||
| 040 | |a SZTE Miscellanea Repozitórium |b hun | ||
| 041 | |a hun | ||
| 245 | 0 | 0 | |a Magyar Paedagogiai Társaság |h [elektronikus dokumentum] |
| 260 | |c 1892 | ||
| 300 | |a 638-640 | ||
| 490 | 0 | |a Magyar pedagógia : a Magyar Tudományos Akadémia Pedagógiai Bizottságának folyóirata |v 1 | |
| 695 | |a Ülés jegyzőkönyve | ||
| 856 | 4 | 0 | |u http://misc.bibl.u-szeged.hu/6776/1/mp_1892_638-640.pdf |z Dokumentum-elérés |